Nachbarländer der Schweizerischen Kantone Quiz - Statistiken

Allgemein
  • Dieses Quiz wurde 49 mal gespielt
  • Das Durchschnittsergebnis liegt bei 10 aus 16
Antwortstatistiken
Kanton Nachbarstaat % Korrekt
Graubünden Italien
100%
Aargau Deutschland
88%
Zürich Deutschland
88%
Schaffhausen Deutschland
88%
Waadt Frankreich
88%
Genf Frankreich
88%
Neuenburg Frankreich
88%
Jura Frankreich
88%
Bern Frankreich
88%
Solothurn Frankreich
88%
Basel-Landschaft Deutschland, Frankreich
31%
Basel-Stadt Deutschland, Frankreich
31%
Thurgau Deutschland, Österreich
29%
Wallis Frankreich, Italien
29%
St. Gallen Liechtenstein, Österreich
24%
Tessin Italien, Liechtenstein, Österreich
0%
Keine übereinstimmenden Quizze gefunden
Verteilung der Resultate
Anzahl Personen mit jedem Resultat
Perzentil nach korrekt beantworteten Fragen
Ihre Resultats-Entwicklung
Sie haben dieses Quiz noch nicht gespielt